| 000 | 00683nam a2200253 i 4500 | ||
|---|---|---|---|
| 001 | bg | ||
| 100 | 1 | _aHącia, Lechosław. | |
| 245 | 1 | 0 |
_aWybrane zagadnienia matematyki / _cLechosław Hącia. |
| 260 |
_aPoznań : _bWydawnictwo Politechniki Poznańskiej, _c2007. |
||
| 300 |
_a147, [1] s. : _bil. ; _c24 cm. |
||
| 504 | _aBibliogr. s. [148]. | ||
| 650 | 9 | _aMatematyka | |
| 655 | _aPodręczniki akademickie | ||
| 015 | _aPB 14288/2007 | ||
| 020 | _a9788371433160 | ||
| 040 | _cBPK | ||
| 041 | _apol | ||
| 044 | _apol | ||
| 080 | _a51(075.8) | ||
| 920 | _a978-83-7143-316-0 | ||
| 920 | _a978-83-7143-316-0 | ||
| 942 | _cKS | ||
| 008 | 070430s2007 pl |000 0 pol | ||
| 999 |
_c54052 _d54052 |
||
| 856 |
_uhttp://koha.tu.koszalin.pl/cgi-bin/koha/opac-detail.pl?biblionumber=54052 _yKatalog online BPK |
||